000 00933nam a22003017a 4500
001 0070744
003 KOHA_MİRAKIL
005 20260207004938.0
007 ta
008 240321b1977 tu |||gr||||#0|||1|tur |
020 _a9754660107
040 _aTR-BiSEU
_btur
_cTR-BiSEU
_erda
041 0 _atur
_aeng
044 _ctu
050 _aPE1301
_b.S46 1977
100 1 _aŞentürk, Faruk.
240 1 0 _azamanlar ve kullanılışı
_lTürkçe
245 1 4 _aThe tenses and their usage =
_b zamanlar ve kullanılışı/
_cFaruk Şentürk ; Faruk Şentürk.
264 1 _aİstanbul :
_bTaş Kitapçılık & Yayıncılık
_c1977
300 _a322 papers; 23 cm.
336 _ametin
_btxt
_2rdacontent
337 _aaracısız
_bn
_2rdamedia
338 _acilt
_bnc
_2rdacarrier
650 0 _aEnglish language--Tenses.
_9138298
650 0 _aİngiliz dili--Zamanlar.
_9138299
907 _aDil ve Edebiyat
942 _2lcc
_cBK
999 _c71492
_d71492